| 000 | 00444nam a2200169Ia 4500 | ||
|---|---|---|---|
| 008 | 230711s9999||||xx |||||||||||||| ||und|| | ||
| 020 | _a978-81-8371-689-5 | ||
| 041 | _aENG | ||
| 082 |
_a621.3815 _bGA-L |
||
| 100 | _aGanesh Babu,T.R | ||
| 245 | 0 | _aLinear Integrated Circuits | |
| 250 | _a6th Ed. | ||
| 260 |
_c2015 _aHyderabad _bScitech Publications (India)Pvt.Ltd |
||
| 650 | _aElectronics Engineering | ||
| 700 | _aSuseela,B | ||
| 942 | _cBK | ||
| 999 |
_c6620 _d6620 |
||